01051nam a2200241 a 450000100060000000300080000600500170001400800410003103500190007204000260009104100080011708200260012524501470015126000390029830000330033750001920037050400280056265000400059065000230063070000200065371000380067371100980071172932BD-RjUL20211209082327.0170525s1964 ne a b 101 0 eng d a(BD-RjUL)73150 aBD-RjULbengcBD-RjUL aeng 223a581.166bPOL 196410aPollen physiology and fertilization :ba symposium held at the University of Nijmegen, The Netherlands, August 1963 /cedited by H.F. Linskens aAmsterdam :bNorth-Holland,cc1964 axii, 257 p. :bill. ;c23 cm a"Written version of papers delivered at the First International Symposium 'Pollen Physiology and Fertilization' ... The recorded discussions were subjected to some editorial abridgement." aIncludes bibliographies 0aFertilization of plantsxCongresses 0aPollenxCongresses1 aLinskens, H. F.2 aKatholieke Universiteit Nijmegen. aInternational Symposium "Pollen Physiology and Fertilization"cNijmegen, Netherlands)d1963 :